| 000 | 00597nam a22001697a 4500 | ||
|---|---|---|---|
| 005 | 20251108171241.0 | ||
| 008 | 250721s1995 xx 000 0 ara d | ||
| 082 | 1 | 4 | _a211.3/داي |
| 100 | 1 | _aالداية، إبراهيم طه سليم | |
| 245 | 1 | 0 |
_aقراءات قرآنية : _bقراءة الإمام عاصم من روايتي حفص و شعبه عنه من طريق الشاطبية / |
| 264 | 1 |
_aعمان : _bالمؤلف، _c1995. |
|
| 300 | _a79ص. | ||
| 650 | 1 | 7 | _aالقرآن الكريم |
| 650 | 1 | 7 | _aقراءات القرآن السبع |
| 942 |
_2ddc _cBK |
||
| 999 |
_c60445 _d60445 |
||